[Event "San Francisco TNM Spring op"]
[Site "San Francisco"]
[Date "2017.04.04"]
[Round "4"]
[White "Kim, Isaiah T"]
[Black "Diaz, Conrado"]
[Result "0-1"]
[WhiteElo "1900"]
[BlackElo "2269"]
[PlyCount "46"]
[EventDate "2017.03.14"]
[EventType "swiss"]
[EventRounds "8"]
[EventCountry "USA"]
[SourceTitle "EXT 2023"]
[Source "ChessBase"]
[SourceDate "2022.10.05"]
[SourceVersion "1"]
[SourceVersionDate "2022.10.05"]
[SourceQuality "1"]

1. d4 Nf6 2. c4 e5 3. dxe5 Ne4 4. a3 d6 5. Nf3 Nc6 6. exd6 Bxd6 7. e3 Bf5 8. Be2 Qf6 9. 0-0 0-0-0 10. Nd4 Be5 11. Qa4 Nc5 12. Qb5 Nxd4 13. exd4 Bxd4 14. Nc3 c6 15. Qb4 Rhe8 16. Be3 Bxe3 17. fxe3 Qe5 18. Nd5 b6 19. Nc3 Kc7 20. Kh1 a5 21. Nb5+ cxb5 22. Qxb5 Bd7 23. Rxf7 Re7 0-1

[Event "San Francisco TNM Spring op"]
[Site "San Francisco"]
[Date "2017.03.14"]
[Round "1"]
[White "Abraham, Michael David"]
[Black "Kim, Isaiah T"]
[Result "0-1"]
[WhiteElo "1527"]
[BlackElo "1900"]
[PlyCount "54"]
[EventDate "2017.03.14"]
[EventType "swiss"]
[EventRounds "8"]
[EventCountry "USA"]
[SourceTitle "EXT 2023"]
[Source "ChessBase"]
[SourceDate "2022.10.05"]
[SourceVersion "1"]
[SourceVersionDate "2022.10.05"]
[SourceQuality "1"]

1. d4 Nf6 2. c4 e6 3. Nf3 Bb4+ 4. Nc3 0-0 5. Bg5 c5 6. a3 Bxc3+ 7. bxc3 Qa5 8. Bxf6 Qxc3+ 9. Nd2 gxf6 10. e3 cxd4 11. Qg4+ Kh8 12. Qxd4 Qxd4 13. exd4 Nc6 14. Nf3 b6 15. Be2 Ba6 16. 0-0 d5 17. Rac1 Na5 18. Nd2 Rac8 19. Rfe1 Bxc4 20. Bf1 Rc6 21. f4 Rfc8 22. Ra1 Bxf1 23. Kxf1 Rc2 24. Re2 Rxd2 25. Rxd2 Nb3 26. Rda2 Nxa1 27. Rxa1 Rc4 0-1

[Event "San Francisco TNM Spring op"]
[Site "San Francisco"]
[Date "2016.04.12"]
[Round "5"]
[White "Kim, Isaiah T"]
[Black "Shakhnazarov, Oleg"]
[Result "0-1"]
[WhiteElo "1837"]
[BlackElo "2139"]
[PlyCount "56"]
[EventDate "2016.03.15"]
[EventType "swiss"]
[EventRounds "8"]
[EventCountry "USA"]
[SourceTitle "EXT 2018"]
[Source "ChessBase"]
[SourceDate "2017.10.13"]
[SourceVersion "1"]
[SourceVersionDate "2017.10.13"]
[SourceQuality "1"]

1. d4 Nf6 2. c4 e6 3. Nc3 Bb4 4. e3 0-0 5. Nge2 d5 6. a3 Be7 7. cxd5 exd5 8. Nf4 c6 9. Bd3 Bd6 10. 0-0 Re8 11. f3 Qc7 12. g3 g5 13. Nfe2 Bh3 14. Rf2 Nbd7 15. e4 dxe4 16. fxe4 Ng4 17. Rf5 h6 18. e5 Bxe5 19. dxe5 Qb6+ 20. Kh1 Nf2+ 21. Rxf2 Qxf2 22. Be4 Nc5 23. Ng1 Nxe4 24. Nxh3 Qf5 25. Qd3 Rxe5 26. Nxe4 Rxe4 27. Kg2 Qe5 28. Bd2 Rd4 0-1